000 00875nam a2200205Ia 4500
999 _c40299
_d40299
001 6907
003 GE_BSU
005 20190702163909.0
008 181216s1978|||| |||||||||||||| ||geo||
041 _ageo
080 _a624.04(075.8) ს-44
100 _aსეხნიაშვილი, ე.
_93154
245 _aსამშენებლო მექანიკა (მოკლე კურსი). ნაწ.1 : სახელმძღვ. /
_cე. სეხნიაშვილი ; რედ : მ. სულაძე.
264 _aთბილისი :
_bგანათლება
_c1978.
300 _a208 გვ .:
_c22 სმ.
504 _aბიბლიოგრ.:გვ.205
653 _aსამშენებლო მექანიკა
700 _aსულაძე, მ
_eრედაქტორი
_93155
942 _cBK
_2udc